Nghiên cứu phát triển du lịch nông thôn tại vùng đồng bào Khmer huyện Tịnh Biên, tỉnh An Giang : Báo cáo tổng kết đề tài nghiên cứu khoa học của sinh viên

Đánh giá thực trạng phát triển du lịch nông thôn ở huyện Tịnh Biên, tỉnh An Giang nói chung và thực trạng phát triển du lịch nông thôn ở vùng đồng bào Khmer huyện Tịnh Biên. Đề xuất định hướng xây dựng mô hình và giải pháp phát triển du lịch...

Cur síos iomlán

Đã lưu trong:
Sonraí Bibleagrafaíochta
Príomhúdar: Ngô, Thị Ái Thi
Formáid: Leabhar
Teanga:Undetermined
Foilsithe: Cần Thơ Trường Đại học Cần Thơ 2017
Ábhair:
Clibeanna: Cuir Clib Leis
Gan Chlibeanna, Bí ar an gcéad duine leis an taifead seo a chlibeáil!
Thư viện lưu trữ: Trung tâm Học liệu Trường Đại học Cần Thơ
LEADER 01338nam a2200217Ia 4500
001 CTU_230454
008 210402s9999 xx 000 0 und d
082 |a 338.4791 
082 |b Th300 
088 |a TSV2017-39 
100 |a Ngô, Thị Ái Thi 
245 0 |a Nghiên cứu phát triển du lịch nông thôn tại vùng đồng bào Khmer huyện Tịnh Biên, tỉnh An Giang : 
245 0 |b Báo cáo tổng kết đề tài nghiên cứu khoa học của sinh viên 
245 0 |c Ngô Thị Ái Thi (Chủ nhiệm đề tài) ; Đào Ngọc Cảnh (Cán bộ hướng dẫn) 
260 |a Cần Thơ 
260 |b Trường Đại học Cần Thơ 
260 |c 2017 
520 |a Đánh giá thực trạng phát triển du lịch nông thôn ở huyện Tịnh Biên, tỉnh An Giang nói chung và thực trạng phát triển du lịch nông thôn ở vùng đồng bào Khmer huyện Tịnh Biên. Đề xuất định hướng xây dựng mô hình và giải pháp phát triển du lịch nông thôn tại vùng đồng bào Khmer huyện Tịnh Biên, tỉnh An Giang. 
650 |a Tourist trade,Thương mại du lịch 
910 |b nthai 
980 |a Trung tâm Học liệu Trường Đại học Cần Thơ